Statistiques concernant Titres de films - Antonymes 2

Cliquez ici pour prendre le quiz!

Statistiques générales

  • Ce quiz a été pris 4 621 fois
  • Le résultat moyen est 4 sur 15

Statistiques - réponses

AntonymesTitres des films% Correct
ChenillePapillon
58%
La petite baladeLa grande vadrouille
46%
Le croque-mitaine est un braveLe Père Noël est une ordure
46%
Chante sans les marmottesDanse avec les loups
37%
La vie devantLa mort aux trousses
36%
Les cinq interdictionsLes dix commandements
36%
BouleCube
31%
Et à côté flotte une routeEt au milieu coule une rivière
26%
La cabane figéeLe château ambulant
25%
3 femmes en délire12 hommes en colère
22%
Le concurrent de DieuL'associé du diable
20%
AuchanCasino
11%
Cru avec CruKramer contre Kramer
7%
La faim du cartonLa soif de l'or
7%
Les stoïquesLes valseuses
1%

Distribution des résultats

Percentile par nombre de réponses

% des personnes avec chaque résultat

Votre développement - résultats

Vous n’avez pas pris ce quiz